000 nam a22 a 4500
999 _c150320
_d150320
003 BLK
005 20220607133222.0
008 180410b bul|||||r ||||||| ||bul||
010 _aKNG00156639000
040 _aBLK
041 _aBUL
_cBUL
072 7 _2bullib
_aК
_xКраезнание
080 _aКомунистически партии. Вж и 327.323
_b329.15
_x(497.2)БКП
_z329.15(497.2)БКП
139 _aЗа по-нататъшното подобряване работата на партийните групи [в Русенски окръг]
_bЗ 11
245 1 0 _aЗа по-нататъшното подобряване работата на партийните групи [в Русенски окръг]
257 _aBGR
260 _aРусе
_bОК на БКП
_c1966
300 _a100 с.
_c19 см
380 _a3
490 _aТрибуна на челния опит
_9207156
650 4 _aБКП - партийно-организационна работа
_9282463
650 4 _aБКП - Русе
_9330920
651 4 _aБългария
_9241624
651 4 _aРусе
_9179462
653 _aпартии
653 _aпартийна работа
653 _aБКП
653 _aпропаганда
659 _aК
852 _aЦб 41063
852 _aК 329/З-11
856 4 _qpdf
856 4 _qpdf
942 _cKNG
_n0
_s1
944 _aCR
_c13.02.2014
_l13.02.2014 - от С1,Р / 13.02.2014
_kВаля_Йорданова
944 _aED
_c2022-06-07
_l2022-06-07